LIBRARY & INFORMATION CENTRE, KCAET, TAVANUR

ONLINE PUBLIC ACCESS CATALOGUE (OPAC)

Hydrology and hydrobiology of streams and rivers of Indian sub - continent (Record no. 15613)

MARC details
000 -LEADER
fixed length control field 00424nam a22001577a 4500
003 - CONTROL NUMBER IDENTIFIER
control field OSt
008 - FIXED-LENGTH DATA ELEMENTS--GENERAL INFORMATION
fixed length control field 190520b ||||| |||| 00| 0 eng d
020 ## - INTERNATIONAL STANDARD BOOK NUMBER
ISBN 9789380428130
082 ## - DEWEY DECIMAL CLASSIFICATION NUMBER
Classification number 551.48
100 ## - MAIN ENTRY--AUTHOR NAME
Personal name Belsare, D K
245 ## - TITLE STATEMENT
Title Hydrology and hydrobiology of streams and rivers of Indian sub - continent
250 ## - EDITION STATEMENT
Edition statement 1st ed.
260 ## - PUBLICATION, DISTRIBUTION, ETC. (IMPRINT)
Place of publication Delhi
Name of publisher Narendra Publishing House
Year of publication 2010
300 ## - PHYSICAL DESCRIPTION
Number of Pages 162 p.
942 ## - ADDED ENTRY ELEMENTS (KOHA)
Koha item type Books
Holdings
Withdrawn status Lost status Damaged status Collection code Home library Current library Shelving location Date acquired Cost, normal purchase price Full call number Accession Number Koha item type
      Non-fiction KAUAET KAUAET General Stacks 20/05/2019 1895.00 551.48 25809 Books
free website counter